Central Library OPAC University of Rajshahi

The numerical treatment of differential equations / (Record no. 6280)

MARC details
000 -LEADER
fixed length control field 01114cam a22003131 4500
001 - CONTROL NUMBER
control field 6280
003 - CONTROL NUMBER IDENTIFIER
rucl marc code BD-RjUL
005 - DATE AND TIME OF LATEST TRANSACTION
control field 20211208234222.0
008 - FIXED-LENGTH DATA ELEMENTS--GENERAL INFORMATION
fixed length control field 140109r19661960gw a b 001 0 eng d
035 ## - SYSTEM CONTROL NUMBER
System control number (BD-RjUL)6320
System control number (OCoLC)1071843
040 ## - CATALOGING SOURCE
Original cataloging agency DLC
Transcribing agency OYU
Modifying agency OCoLC
-- DLC
-- (BD-RjUL)
Language of cataloging eng
041 1# - LANGUAGE CODE
Language code of text/sound track or separate title eng
Language code of original ger
051 ## - LIBRARY OF CONGRESS COPY, ISSUE, OFFPRINT STATEMENT
Classification number QA371
Item number .C6854 1960a
Copy information Another issue.
082 ## - DEWEY DECIMAL CLASSIFICATION NUMBER
Classification number 517.38
Author mark and year CON
100 1# - MAIN ENTRY--PERSONAL NAME
Personal name Collatz, Lothar
Fuller form of name (Lothar),
Dates associated with a name 1910-
9 (RLIN) 19762
245 14 - TITLE STATEMENT
Title The numerical treatment of differential equations /
Statement of responsibility, etc. Collatz, Lothar
250 ## - EDITION STATEMENT
Edition statement 3d ed.
260 ## - PUBLICATION, DISTRIBUTION, ETC. (IMPRINT)
Place of publication, distribution, etc. Berlin,
Name of publisher, distributor, etc. Springer,
Date of publication, distribution, etc. 1960. [Reprent 1966]
300 ## - PHYSICAL DESCRIPTION
Pagination 568 p. :
Illustrations illus. ;
Size 25 cm.
490 0# - SERIES STATEMENT
Series statement Die Grundlehren der mathematischen Wissenschaften in Einzeldarstellungen,
Volume/sequential designation Bd. 60
500 ## - GENERAL NOTE
General note Another issue. Berlin, New York, Springer-Verlag, 1966. "2nd printing." Call number: QA371.C6854 1960a
504 ## - BIBLIOGRAPHY, ETC. NOTE
Bibliography, etc Includes bibliography.
650 #0 - SUBJECT ADDED ENTRY--TOPICAL TERM
Topical term or geographic name as entry element Differential equations.
9 (RLIN) 19763
942 ## - ADDED ENTRY ELEMENTS (KOHA)
Source of classification or shelving scheme Dewey Decimal Classification
Koha item type Books
Holdings
Lost status Source of classification or shelving scheme Damaged status Not for loan Collection code Permanent Location Current Location Shelving location Date acquired Source of acquisition Cost, normal purchase price Total Checkouts Full call number Date last seen Copy number Koha item type
  Dewey Decimal Classification   Not For Loan Non-fiction Central Library, University of Rajshahi Central Library, University of Rajshahi   31/12/1968 Zeitlinger 326.40   517.38 CON 1966 09/01/2014 C-1 Books